AFL 2024 Season Ladder - Statistics

General Stats
  • This quiz has been taken 65 times
  • The average score is 15 of 18
Answer Stats
Position Answer % Correct
1 Sydney
100%
8 Carlton
93%
3 Geelong
93%
4 GWS
93%
5 Brisbane
90%
2 Port Adelaide
90%
6 Western Bulldogs
88%
10 Fremantle
86%
7 Hawthorn
86%
9 Collingwood
81%
11 Essendon
74%
17 North Melbourne
74%
12 St Kilda
71%
16 West Coast
71%
15 Adelaide
67%
13 Gold Coast
67%
14 Melbourne
67%
18 Richmond
67%
No matching quizzes found
Score Distribution
Percent of People with Each Score
Percentile by Number Answered
Your Score History
You have not taken this quiz